Top 10 Classement ATP - 27/05/25 - Statistiques

Statistiques générales
  • Ce quiz a été pris 106 fois
  • Le résultat moyen est 8 sur 10
Statistiques - réponses
Rang Points Joueur % Correct
2 8850 Carlos Alcaraz
100%
1 10380 Jannik Sinner
99%
3 7285 Alexander Zverev
94%
6 4230 Novak Djokovic
93%
10 3440 Holger Rune
74%
4 4675 Taylor Fritz
73%
8 3655 Casper Ruud
72%
5 4610 Jack Draper
66%
7 3860 Lorenzo Musetti
64%
9 3635 Alex De Minaur
47%
Aucun quiz correspondant
Distribution des résultats
% des personnes avec chaque résultat
Percentile par nombre de réponses
Votre historique - résultats
Vous n’avez pas pris ce quiz